| 000 | 01292naa a22003017a 4500 | ||
|---|---|---|---|
| 001 | BR8000239 | ||
| 003 | BR-BrBNA | ||
| 005 | 20240918174538.0 | ||
| 007 | ta | ||
| 008 | 230509b bl.||||| |||| 00| 0 por d | ||
| 040 |
_aBR-BrBNA _bpor _cBiblioteca Nacional de Agricultura |
||
| 041 | _a(Pt) | ||
| 072 |
_aL10 _b5214 |
||
| 090 | _aL10 BR8000239 | ||
| 100 | 1 | _aPacker, J.U. | |
| 111 | 1 |
_aSimposio sobre Pecuaria Leiteira _cAguas da Prata, SP (Brazil) _d38 Nov 1977 |
|
| 245 | 1 | _aInterpretacao e aplicacao dos resultados dos testes de progenie em bovino de leite | |
| 246 | 1 | _a[Interpretation and use of progeny test results in dairy cattle] | |
| 246 | 1 | _a[Annals of the Symposium on Cattle Breeding] | |
| 260 | 3 |
_aCampinas, SP (Brasil): _c1979. |
|
| 500 | _aMoura, J.C. de (ed.) Anais do Simposio sobre Pecuaria Campinas, SP (Brasil): 1979. p. 174-206 (BR8000239-AM)L10 | ||
| 650 | _aMelhoramento genetico animal | ||
| 650 | _aGado leiteiro | ||
| 650 | _aTeste de progenie | ||
| 773 | 0 |
_tAnais do Simposio sobre Pecuaria _aMoura, J.C. de (ed.). Fundacao Cargill, Campinas, SP (Brasil);Faculdade de Medicina Veterinaria e Zootecnia, Sao Paulo, SP (Brasil) _wL10 BR8000239 _gCampinas, SP (Brasil), 1979. p. 174-206 |
|
| 909 |
_a202404 _bLucia _c55 _dLucia Elande |
||
| 942 |
_cAM _2AGRIS |
||
| 999 |
_c311907 _d311907 |
||